QUEST Central Library Banner

Design and Performance Analysis of Micro Horizontal Axis Wind Trbine in Nawabhsah Wind Conditions (Me Thesis) (Record no. 65633)

MARC details
000 -LEADER
fixed length control field 00451nam a22001217a 4500
100 ## - MAIN ENTRY--AUTHOR NAME
Personal name Ms Mehtab Baganhar
-- 17ME08
-- Supervisor - Prof.Dr. Muhmammad Ramazan Luhar
245 ## - TITLE STATEMENT
Title Design and Performance Analysis of Micro Horizontal Axis Wind Trbine in Nawabhsah Wind Conditions (Me Thesis)
260 ## - PUBLICATION, DISTRIBUTION, ETC. (IMPRINT)
Place of publication Nawabshah
Name of publisher QUEST
Year of publication 2019
300 ## - PHYSICAL DESCRIPTION
Number of Pages 49
700 ## - ADDED ENTRY--PERSONAL NAME
Personal name Department of Mechanical Engineering
856 ## - ELECTRONIC LOCATION AND ACCESS
Uniform Resource Identifier http://tinyurl.com/ykaw2nvn
942 ## - ADDED ENTRY ELEMENTS (KOHA)
Koha item type Thesis and Dissertation
Holdings
Withdrawn status Lost status Home library Current library Date acquired Full call number Accession Number Koha item type
    Research Section Central Library, QUEST, Nawabshah 04/11/2025   p/39-486 Thesis and Dissertation
    Central Library, QUEST, Nawabshah Research Section 10/10/2019 R/IMS-19 MP/49-574 Thesis and Dissertation

Copyright © 2018,The QUEST, Nawabshah, Shaheed Benazirabad. All rights reserved
Mr. G. Farooq Channar (Librarian) QUEST, Nawabshah, Sindh, Pakistan 67480.
 Ph#: |   0244-9370381-4 Ext. 2308   Email| lib@quest.edu.pk   Web|  http://www.quest.edu.pk